1333 1658 1502 1293 1521 1591 1390 1421 1855 1855 1662 1716 1601 1016 1883 1737 1445 1154 1648 1126 1602 1150 1087 1504 1602 1628 1906 1884 1332 1334 1640 1430 1465 1032 1031 1282 1877 1625 1004 1907 1487 1870 1878 1899 1653 1424 1304 1378 1438 1882 1570 1102 1597 1410 1857 1206 1850 1737 1831 1938 1869 1777 1215 1942 1566 1122 1987 1582 1954 1183 1307 1154 1467 1886 1527 1781 1184 1568 1712 1052 1332 1413 1400 1902 1986 1163 1475 1450 1209 1239 1159 1131 1577 1743 1208 1567 1971 1859 1974 BCNSPRNW ULIB Ver.6.0+V

เปลี่ยนเป็นภาษาไทย

Change to English
 แสดงรายละเอียดบรรณานุกรม
  กลับหน้าหลัก

Brief Record : Get Marc (ISO 2709) : E-mail record : QR code < ปิดหน้าต่าง
LEADER : 00000nam 2200000uu 4500
001    13399124870
003     ULIB
008    160421s2556||||th 000 0 tha d
020    ^a9789746728263
060  4 ^aQZ4^bส867พ
100    ^aสุรีย์ เลขวรรณวิจิตร
245    ^aพยาธิสรีรวิทยาและการวินิจฉัย Cardiorenal Syndrome/^cสุรีย์ เลขวรรณวิจิตร
250    ^aพิมพ์ครั้งที่ 1
260    ^aเชียงใหม่ :^bภาควิชาพยาธิวิทยา คณะแพทยศาสตร์ มหาวิทยาลัยเชียงใหม่,^c2556
300    ^a277 หน้า
650    ^aพยาธิวิทยา^xการวินิจฉัย
650    ^aสรีวิทยา^xการวินิจฉัย
945    ^p300^l0^i23407
945    ^p300^l0^i23408
945    ^p300^l0^i23409
945    ^p300^l0^i23410
945    ^p300^l0^i23411
999    ^aทศพร เกษรทอง
รายการนี้ยังไม่มีแท็ก
คุณยังไม่ได้ล็อกอิน คุณสามารถมีกิจกรรมร่วมกับเว็บไซต์ได้ แต่ต้องล็อกอินก่อน ::
  ล็อกอิน

รายการสื่อสารสนเทศ

ลำดับที่ ประเภท เลขเรียก/บาร์โค้ด สถานที่ สถานะ
1. วิทยาศาสตร์การแพทย์ และสุขภาพ
หนังสือสำรอง
สถานะ=หนังสือสำรอง
QZ4 ส867พ ฉ.1 
  Barcode: 23407
ห้องสมุดวิทยาเขตนครสวรรค์
►ส่วนจัดเก็บหนังสือเก่า นว.
บนชั้น
  ขอยืม
2. วิทยาศาสตร์การแพทย์ และสุขภาพ
วิทยาศาสตร์การแพทย์ และสุขภาพ
QZ4 ส867พ ฉ.2 
  Barcode: 23408
ห้องสมุดวิทยาเขตนครสวรรค์
►ส่วนจัดเก็บหนังสือเก่า นว.
บนชั้น
  ขอยืม
3. วิทยาศาสตร์การแพทย์ และสุขภาพ
วิทยาศาสตร์การแพทย์ และสุขภาพ
QZ4 ส867พ ฉ.3 
  Barcode: 23409
ห้องสมุดวิทยาเขตนครสวรรค์
►หนังสือทั่วไป:l:General Books
บนชั้น
4. วิทยาศาสตร์การแพทย์ และสุขภาพ
วิทยาศาสตร์การแพทย์ และสุขภาพ
QZ4 ส867พ ฉ.4 
  Barcode: 23410
ห้องสมุดวิทยาเขตนครสวรรค์
►ส่วนจัดเก็บหนังสือเก่า นว.
บนชั้น
  ขอยืม
5. วิทยาศาสตร์การแพทย์ และสุขภาพ
วิทยาศาสตร์การแพทย์ และสุขภาพ
QZ4 ส867พ ฉ.5 
  Barcode: 23411
ห้องสมุดวิทยาเขตนครสวรรค์
►ส่วนจัดเก็บหนังสือเก่า นว.
บนชั้น
  ขอยืม

รายการใกล้เคียง
    ผู้แต่ง [สุรีย์ เลขวรรณวิจิตร]

BibComment


ยังไม่เคยถูกคอมเมนท์

คอมเมนท์ทรัพยากรรายการนี้
  คอมเมนท์: พยาธิสรีรวิทยาแล..


 Copyright 2026. Bcnsprnw @Library